| 000 | 01278nam a22003377i 4500 | ||
|---|---|---|---|
| 003 | EG-GICUC | ||
| 005 | 20260420122957.0 | ||
| 008 | 260420s1914 fr fr|||| 000 0 fre d | ||
| 040 |
_aEG-GiCUC _bfre _cEG-GiCUC _dEG-GiCUC _eRda |
||
| 041 | _afre | ||
| 082 | 0 | 4 |
_221 _a343.3311 _bLU . D |
| 092 | 0 | 4 | _221 |
| 099 | _aLaw1 10 343.3311 Lu . D 1 Ed - 1941 | ||
| 100 | 1 |
_aRanger . Lucette _eAuteur |
|
| 245 |
_aDes Cas Dans Lesquels U Le Ministère Public Peut Agir D'office En Matière Civile/ _cPar Lucette Ranger. |
||
| 264 |
_aParis : _bLes Éditions Domat-montchrestien F. Loviton Et C, _c1941 |
||
| 300 |
_a150 page ; _c 24 cm. |
||
| 336 |
_2rda contenu _a texte |
||
| 337 |
_2rda medias _aOrdinateur |
||
| 338 |
_2 transporteur rda _a Ressource en ligne |
||
| 500 | _aPrésentée Et Soutenue Le 8 Décembre 1941, À 13 H. 30. | ||
| 504 | _aJury: Président M. Julliot De La Morandiere. Suffragants: Mm. Donnedieu De Vabres, Professeur. Esmein, Professeur. | ||
| 546 | _aTexte en français | ||
| 650 | 1 | 4 |
_aDroit Pénal. _2qrmak |
| 651 | 1 | _2qrmak | |
| 700 | 1 | _aM. Julliot De La Morandiere. | |
| 710 |
_aUniversité De Paris, _bFaculté De Droit. |
||
| 856 | 4 | 0 | _uhttps://fll.law.cu.edu.eg/fulltext/bks/B10-10769.pdf |
| 905 | _a171 | ||
| 942 |
_2ddc _cBK _e21 _n0 |
||
| 999 |
_c72120 _d72120 |
||